[Event "La Fontera Rumbo al Panamericano"]
[Site "La Fontera"]
[Date "2018.04.??"]
[Round "1.1"]
[White "Perez Gonzalez, Felipe Ignacio"]
[Black "Sandoval Parra, Vicente Gabriel"]
[Result "1-0"]
[WhiteElo "1779"]
[BlackElo "1555"]
[PlyCount "97"]
[EventDate "2018.04.28"]
[EventType "tourn"]
[EventRounds "7"]
[EventCountry "CHI"]
[SourceTitle "EXT 2024"]
[Source "ChessBase"]
[SourceDate "2023.10.10"]
[SourceVersion "1"]
[SourceVersionDate "2023.10.10"]
[SourceQuality "1"]

1. d4 d5 2. Bf4 e6 3. e3 Nf6 4. Nd2 c5 5. c3 Nc6 6. Ngf3 h6 7. Bd3 Nh5 8. Bg3 Nxg3 9. hxg3 Bd6 10. e4 cxd4 11. cxd4 dxe4 12. Bxe4 0-0 13. 0-0 Be7 14. Bxc6 bxc6 15. Rc1 Bb7 16. Nc4 c5 17. dxc5 Qxd1 18. Rfxd1 Bxf3 19. gxf3 Bxc5 20. Ne5 Bb6 21. Rd7 Rad8 22. Kf1 f6 23. Rxd8 Rxd8 24. Nc4 Rc8 25. b3 Kf8 26. Ke2 Ke7 27. f4 e5 28. fxe5 fxe5 29. Rd1 Rf8 30. f3 e4 31. f4 g5 32. Nxb6 axb6 33. Ke3 gxf4+ 34. gxf4 h5 35. Rh1 Rf5 36. Kxe4 Ke6 37. b4 Rd5 38. a4 Rf5 39. Rc1 Rd5 40. Rc6+ Rd6 41. Rxd6+ Kxd6 42. Kf5 Kd5 43. Kg5 Kc4 44. f5 Kxb4 45. f6 Kxa4 46. f7 b5 47. f8Q b4 48. Qf1 Ka3 49. Qb1 1-0

[Event "La Fontera Rumbo al Panamericano"]
[Site "La Fontera"]
[Date "2018.04.??"]
[Round "6.1"]
[White "Sandoval Parra, Vicente Gabriel"]
[Black "Larama Denis, Giovanni Andre"]
[Result "1-0"]
[WhiteElo "1555"]
[BlackElo "1693"]
[PlyCount "61"]
[EventDate "2018.04.28"]
[EventType "tourn"]
[EventRounds "7"]
[EventCountry "CHI"]
[SourceTitle "EXT 2024"]
[Source "ChessBase"]
[SourceDate "2023.10.10"]
[SourceVersion "1"]
[SourceVersionDate "2023.10.10"]
[SourceQuality "1"]

1. d4 Nf6 2. Nf3 d5 3. g3 Bg4 4. Bg2 c6 5. 0-0 e6 6. Nbd2 Be7 7. c3 0-0 8. Re1 Ne4 9. Ne5 Bf5 10. g4 Bg6 11. Nxg6 fxg6 12. Nxe4 dxe4 13. Bxe4 Bd6 14. f4 Qh4 15. e3 Nd7 16. Bg2 g5 17. Rf1 gxf4 18. exf4 g5 19. Qe1 Qxe1 20. Rxe1 Bxf4 21. Rxe6 Rae8 22. Rxe8 Rxe8 23. Bxf4 gxf4 24. Kf2 Re3 25. Re1 Rxe1 26. Kxe1 h5 27. gxh5 Nf6 28. Kf2 Nxh5 29. Kf3 Kg7 30. Bh3 Kf6 31. Bg4 1-0